The Planning etc. (Scotland) Act 2006 (Consequential Amendments) Order 2009 (Record no. 109772)
[ view plain ]
| 000 -LEADER | |
|---|---|
| fixed length control field | 01427cad a22002895a 4500 |
| 001 - CONTROL NUMBER | |
| control field | E147897 |
| 008 - FIXED-LENGTH DATA ELEMENTS--GENERAL INFORMATION | |
| fixed length control field | 090629s2009 xxk f s000 0 eng d |
| 035 ## - SYSTEM CONTROL NUMBER | |
| System control number | (Sirsi) u147897 |
| 041 0# - LANGUAGE CODE | |
| Language code of text/sound track or separate title | eng |
| 110 2# - MAIN ENTRY--CORPORATE NAME | |
| Corporate name or jurisdiction name as entry element | Scotland |
| Form subheading | Laws, etc |
| 245 04 - TITLE STATEMENT | |
| Title | The Planning etc. (Scotland) Act 2006 (Consequential Amendments) Order 2009 |
| Medium | [electronic resource] |
| 260 ## - PUBLICATION, DISTRIBUTION, ETC. | |
| Place of publication, distribution, etc. | Edinburgh |
| Name of publisher, distributor, etc. | Scottish Government |
| Date of publication, distribution, etc. | 2009 |
| 490 #0 - SERIES STATEMENT | |
| Series statement | Scottish Statutory Instrument |
| Volume/sequential designation | 2009: 256 |
| 520 ## - SUMMARY, ETC. | |
| Summary, etc. | This Order amends the Town and Country Planning (Scotland) Act 1997, the Planning (Listed Buildings and Conservation Areas) (Scotland) Act 1997, the Licensing (Scotland) Act 2005 and the Planning etc. (Scotland) Act 2006 in order to give full effect to the provisions of the 2006 Act. |
| 520 ## - SUMMARY, ETC. | |
| Summary, etc. | Comes into force 2 and 3 August 2009. |
| 521 ## - TARGET AUDIENCE NOTE | |
| Target audience note | Advanced |
| 590 ## - LOCAL NOTE (RLIN) | |
| Local note | KA |
| 650 24 - SUBJECT ADDED ENTRY--TOPICAL TERM | |
| Topical term or geographic name entry element | TOWN AND COUNTRY PLANNING (SCOTLAND) ACT 1997 |
| 650 24 - SUBJECT ADDED ENTRY--TOPICAL TERM | |
| Topical term or geographic name entry element | PLANNING (LISTED BUILDINGS AND CONSERVATION AREAS) (SCOTLAND) ACT 1997 |
| 650 24 - SUBJECT ADDED ENTRY--TOPICAL TERM | |
| Topical term or geographic name entry element | LICENSING (SCOTLAND) ACT 2005 |
| 650 24 - SUBJECT ADDED ENTRY--TOPICAL TERM | |
| Topical term or geographic name entry element | PLANNING ETC. (SCOTLAND) ACT 2006 |
| 650 24 - SUBJECT ADDED ENTRY--TOPICAL TERM | |
| Topical term or geographic name entry element | PLANNING ETC. (SCOTLAND) ACT 2006 (CONSEQUENTIAL AMENDMENTS) ORDER 2009 |
| 651 #4 - SUBJECT ADDED ENTRY--GEOGRAPHIC NAME | |
| Geographic name | Scotland |
| Chronological subdivision | 1999- |
| 690 ## - LOCAL SUBJECT ADDED ENTRY--TOPICAL TERM (OCLC, RLIN) | |
| Topical term or geographic name as entry element | Planning and development |
| 9 (RLIN) | 6259 |
| 856 40 - ELECTRONIC LOCATION AND ACCESS | |
| Uniform Resource Identifier | <a href="https://www.opsi.gov.uk/legislation/scotland/ssi2009/ssi_20090256_en_1">https://www.opsi.gov.uk/legislation/scotland/ssi2009/ssi_20090256_en_1</a> |
| Public note | View the statutory instrument free of charge at www.opsi.gov.uk... |
| 942 ## - ADDED ENTRY ELEMENTS (KOHA) | |
| Suppress in OPAC | 0 |
| Withdrawn status | Lost status | Source of classification or shelving scheme | Damaged status | Not for loan | Home library | Current library | Shelving location | Date acquired | Total Checkouts | Full call number | Barcode | Date last seen | Copy number | Price effective from | Koha item type |
|---|---|---|---|---|---|---|---|---|---|---|---|---|---|---|---|
| Dewey Decimal Classification | Virtual | Virtual | Online | 29/06/2009 | ONLINE PUBLICATION | 147897-2001 | 06/08/2019 | 1 | 06/08/2019 | Book |